000 00689nam a2200241 i 4500
003 DO-SdBNP
005 20260116124504.0
007 ta
008 260116b2002 xxua|||| |||| 00| 0 spa d
040 _aDO-SdBNP
_bspa
_cBNPHU
_erda
041 1 7 _aeng
082 4 _axxx
_bxxx
_222
100 _aNader, Gary,
_eautor
_4aut.
_988881
245 1 0 _aCarlos Capelán /
_cGary Nader
264 1 _aMiami, Florida :
_bGary Nader,Editions
_c2002.
300 _a50 páginas :
_bilustraciones ;
_c28 cm.
336 _atexto
_btxt
_2rdacontent
337 _asin mediación
_bn
_2rdamedia
338 _avolumen
_bnc
_2rdacarrier
590 _aInventariado, 2026/BT
910 _aBtavárez
942 _2ddc
_cLBS1
999 _c60113
_d60113